Rozpoznaj aktorki i aktorów po zdjęciu #4 - Statystyki

Ogólne statystyki
  • Ten quiz został rozwiązany 434 razy
  • Średni wynik to 9 z 16
Statystyki odpowiedzi
Obrazkowy Odpowiedź % Poprawnych
Cezary Pazura
96%
Leonardo DiCaprio
95%
Julia Wieniawa
87%
Paweł Królikowski
77%
Ryan Gosling
69%
Julia Roberts
62%
Nicolas Cage
60%
Daniel Olbrychski
58%
Janusz Gajos
52%
Al Pacino
49%
Jack Nicholson
48%
Quentin Tarantino
45%
Krystyna Janda
42%
Kevin Spacey
38%
Clint Eastwood
36%
James Cameron
17%
Nie znaleziono quizów pasujących do podanych kryteriów
Rozkład punktacji
Procent ludzi z każdym wynikiem
Percentyl według liczby udzielonych odpowiedzi
Twoja historia wyników
Nie rozwiązałeś tego quizu